|
|
|
|
| LEADER |
00000nam0a2200000 4500 |
| 001 |
192789 |
| 005 |
20231031181512.0 |
| 010 |
|
|
|a 5020060186
|
| 035 |
|
|
|a (RuTPU)RU\TPU\book\210219
|
| 090 |
|
|
|a 192789
|
| 100 |
|
|
|a 20110309d1990 k y0rusy50 ca
|
| 101 |
0 |
|
|a rus
|
| 102 |
|
|
|a RU
|
| 105 |
|
|
|a a z 000zy
|
| 200 |
1 |
|
|a Сталь
|f В. Д. Садовский, Г. В. Маханёк
|g Академия наук СССР (АН СССР) ; под ред. Б. К. Соколова
|
| 210 |
|
|
|a Москва
|c Наука
|d 1990
|
| 215 |
|
|
|a 112 с.
|c ил.
|
| 225 |
1 |
|
|a Наука и технический прогресс
|
| 610 |
1 |
|
|a сталь
|
| 610 |
1 |
|
|a металлография
|
| 610 |
1 |
|
|a железо
|
| 610 |
1 |
|
|a диаграммы состояний
|
| 610 |
1 |
|
|a сплавы железа
|
| 610 |
1 |
|
|a легированные стали
|
| 610 |
1 |
|
|a прочность
|
| 610 |
1 |
|
|a пластичность
|
| 675 |
|
|
|a 669.14:5
|v 3
|
| 700 |
|
1 |
|a Садовский
|b В. Д.
|g Виссарион Дмитриевич
|
| 701 |
|
1 |
|a Маханёк
|b Г. В.
|g Галина Владиславовна
|
| 702 |
|
1 |
|a Соколов
|b Б. К.
|4 340
|
| 712 |
0 |
2 |
|a Академия наук СССР (АН СССР)
|2 stltpush
|3 (RuTPU)RU\TPU\col\722
|
| 801 |
|
1 |
|a RU
|b 63413507
|c 20110309
|
| 801 |
|
2 |
|a RU
|b 63413507
|c 20190129
|g RCR
|
| 942 |
|
|
|c BK
|